| 000 | 00455nam a22001577a 4500 | ||
|---|---|---|---|
| 020 | _a978-93-86905-02-4 | ||
| 082 |
_a894.812.3 _bARI/T |
||
| 100 | _aARIMBOOR,VARGHESE | ||
| 245 | _aTHAVALABHAGAVATHARUDE KACHERI | ||
| 246 |
_aTHAVALABHAGAVATHARUDE KACHERI _bTHAVALABHAGAVATHARUDE KACHERI |
||
| 260 |
_aTHRISSUR _bH&C PUBLISHING HOUSE _c2022 |
||
| 300 | _a144 | ||
| 520 | _aCHILDRENSE LITERATURE MALAYALAM STORIES | ||
| 650 |
_aSTORY _zKERALA |
||
| 942 | _cBK | ||
| 999 |
_c7098 _d7098 |
||